• 首页
  • 本馆介绍
  • 公告通知
  • 最新文献
  • 馆藏检索
  • 电子资源
  • 读者导购
  • 参考咨询
  • 我的图书馆
  • 登录
  • 详细信息显示
  • 放入我的书架
  • 预约/预借图书
  • 作者相关作品
  • 分类相关作品
  • 丛书相关作品
  • 出版社相关作品

书目信息

  • 表格格式
  • 工作单格式
  • 卡片格式
书名: 西方翻译理论精选
作者: 申雨平编.
分册号: [专著] /
分册名:
出版地: 北京 :
 
出版社: 外语教学与研究出版社
出版时间: 2002.
页数: 834页 ;
开本: 20cm.
丛书名:
中图分类号:
科图分类号:
其他分类号: H059
主题词:
电子资源:
000 00651nam 2200205 a 4500
001 0002302636
005 20070827093255.31
008 030217m2002----ch 000 0 chi0
020    @a7-5600-1739-8 :@cCNY34.90.
041    @aeng
090    @aH059-53 @v4
090    @aH059
099    @dH059@ex4
100 1  @a申雨平 @4编
245 10 @a西方翻译理论精选@h[专著] / @c申雨平编.
260 1  @a北京 :@b外语教学与研究出版社,@c2002.
300    @a834页 ;@c20cm.
520    @a本书收录的论著都是一些对翻译理论的著名理论。书中对西方早期的翻译理论采取了从轻处理的方法,把重点放在了现当代翻译理论家们的论述上。
650 04 @a翻译理论
650 04 @a翻译理论 @z西方国家
    
    西方翻译理论精选 [[专著] / ] / 申雨平编.-北京 : : 外语教学与研究出版社, , 2002.
    834页 ; ; 20cm.
    本书收录的论著都是一些对翻译理论的著名理论。书中对西方早期的翻译理论采取了从轻处理的方法,把重点放在了现当代翻译理论家们的论述上。
    
    ISBN 7-5600-1739-8 :CNY34.90.
    本书收录的论著都是一些对翻译理论的著名理论。书中对西方早期的翻译理论采取了从轻处理的方法,把重点放在了现当代翻译理论家们的论述上。
●
相关链接 在E读中查询图书 在五车中查询图书 在当当中查询图书 在豆瓣中查询图书


正题名:西方翻译理论精选     索取号:H059/x4         预约/预借

序号 登录号 条形码 馆藏地/架位号 状态 备注
1 0000328   300003289   第二样本阅览室/ [索取号:H059/x4] 在馆    
2 0000329   300003298   第四借阅区/ [索取号:H059/x4] 在馆    
3 17408   300174086   密集书库/ [索取号:H059/x4] 在馆    
唐山师范学院图书馆 欢迎您!
大连网信软件有限公司© 版权所有